| 000 | 00963nam a2200241 a 4500 | ||
|---|---|---|---|
| 001 | 000015084 | ||
| 005 | 20250621074005.0 | ||
| 008 | 100201s2003 dr ad 001 0 spa d | ||
| 040 |
_aDO-SdBNP _bspa _cBNPHU |
||
| 082 |
_a332.75 _bI73e |
||
| 100 | 1 |
_aIsa Conde, Narciso, _d1942- _912387 |
|
| 245 | 1 | 4 |
_aLas entrañas de un poder gansterizado : _bBANINTER: siete pecados capitales, el testimonio de la crisis y mucho más / _cNarciso Isa Conde, Fernando Peña. |
| 260 |
_aSanto Domingo : _bTiro al blanco, _c2003. |
||
| 300 |
_a242 p. : _bil., tablas ; _c22 cm. |
||
| 504 | _aBibliografía: p. 240-242. | ||
| 590 | _aInventariado, 2018/LP | ||
| 650 | 4 |
_aCrisis bancaria _zRepública Dominicana _934157 |
|
| 650 | 4 |
_aBancos _xPrácticas corruptas _zRepública Dominicana _918308 |
|
| 650 | 4 |
_aFraude bancario _931889 |
|
| 651 | 0 |
_aRepública Dominicana _xPolítica y gobierno _945 |
|
| 700 | 1 |
_aPeña, Fernando A., _934158 |
|
| 910 | _aValidado. Control de calidad EMS | ||
| 999 |
_c14656 _d14656 |
||